Loading...

Gandhiwad ki shav pariksha /

Bibliographic Details
Other Authors: Yshpal
Format: Printed Book
Published: Ahamadabad: Lokbharati Prakshan, 2009.
Subjects:
LEADER 00508cam a2200157ua 4500
008 110505t2009||||||||||| 00 ||||| c
082 |a 954.035  |b YSH/G 
245 0 0 |a Gandhiwad ki shav pariksha /  
260 |a Ahamadabad:  |b Lokbharati Prakshan,  |c 2009. 
362 1 |a 2009. 
650 |a India-History 
650 0 |a History 
700 0 2 |a Yshpal,  
942 |c BK 
999 |c 25464  |d 25464 
952 |0 0  |1 0  |4 0  |6 954_035000000000000_YSH  |7 0  |9 27114  |a KUCL  |b KUCL  |d 2014-05-23  |l 2  |o 954.035 YSH/  |p 26055  |r 2016-08-18  |s 2016-07-18  |w 2014-05-23  |y BK